000 00344nam a2200157Ia 4500
003 Ost
005 20260225132601.0
008 260225s9999||||xx |||||||||||||| ||und||
040 _cfsic
041 _afre
082 _a302.23
100 _afernand terrou
_eAuteur
245 0 _al'information /
245 0 _cfernand terrou
942 _cكتاب
999 _c34751
_d34751